000 00559nam a2200169 i 4500
001 30185
003 ES-MaACL
005 20230906154143.0
007 t|
008 030123s1961 sp ||||1| spa d
245 0 0 _aBarricadas y Coroneles
_b: "El 24 de enero de 1960" /
_cMerry y Serge Bromberger... [et al.] ; [traducción de Johanna Givanel].
260 _aBuenos Aires, etc :
_bPlaza y Janés,
_c[1961]
300 _a430 p. ;
_c24 cm.
700 1 _aBromberger, Serge.
_931883
700 1 _aGivanel, Johanna.
_957379
852 _aES-MaACL
_jA-3115
_bR.47943
999 _c30185
_d30185